To była dekada- Ważne wydarzenia 1970-1979 - Statystyki

Ogólne statystyki
  • Ten quiz został rozwiązany 216 razy
  • Średni wynik to 14 z 20
Statystyki odpowiedzi
Rok Wydarzenie Odpowiedź % Poprawnych
1978 Ten kardynał zostaje wybrany na papieża. Karol Wojtyła
90%
1978 W amerykańskiej prasie pojawia się pierwszy komiks o tym grubym, leniwym, kochającym lasagne kocie. Garfield
86%
1971 Ten kraj umieszcza na orbicie okołoziemskiej pierwszą stację kosmiczną. Związek Radziecki
84%
1976 Ten polityk i rewolucjonista komunistyczny zostaje prezydentem Kuby. Fidel Castro
78%
1973 Syria oraz Egipt dokonują zbrojnego ataku na ten kraj. Izrael
78%
1970 Ten polityk zostaje nowym pierwszym sekretarzem KC PZPR. Edward Gierek
76%
1977 Umiera muzyk, uznawany do dziś za króla rock n' rolla. Elvis Presley
76%
1979 W wyniku rewolucji islamskiej, ten kraj staje się państwem wyznaniowym (republiką islamską). Iran
75%
1975 Po śmierci tego dyktatora w Hiszpanii zostaje przywrócony system demokratyczny. Francisco Franco
72%
1975 Dochodzi do końca długoletniego konfliktu zbrojnego w tym azjatyckim kraju. Wietnam
72%
1979 Związek Radziecki dokonuje zbrojnej agresji na terytorium tego kraju. Afganistan
69%
1970 Dochodzi do rozpadu tego kultowego zespołu rockowego, odpowiedzialnego za takie hity jak "Hey Jude" czy "Lucy in the Sky With Diamonds". The Beatles
68%
1973 W wyniku wyżej wymienionego konfliktu, kraje OAPEC zwiększają cenę tego surowca o ponad 600%. Ropa naftowa
63%
1976 W Sudanie dochodzi do epidemii tego wirusa. Ebola
61%
1972 Wybucha afera o tej nazwie, rezultatem której jest ustąpienie Richarda Nixona ze stanowiska prezydenta USA. Watergate
60%
1972 W tym mieście w czasie letnich igrzysk olimpijskich dochodzi do zamachu terrorystycznego na życie sportowców z Izraela. Monachium
58%
1974 W tym europejskim kraju dochodzi do tzw. "Rewolucji Goździków" i obalenia dyktatury. Portugalia
56%
1974 Ten znany pisarz horrorów i dreszczowców wydaje swoją pierwszą książkę "Carrie". Stephen King
53%
1971 Kobiety w tym europejskim kraju uzyskują prawo do głosowania w powszechnych wyborach. Szwajcaria
53%
1977 Amerykański koncern o tej nazwie wypuszcza na rynek jedną z pierwszych konsol do gier video korzystającą z zewnętrznego nośnika. Atari
27%
Nie znaleziono quizów pasujących do podanych kryteriów
Rozkład punktacji
Procent ludzi z każdym wynikiem
Percentyl według liczby udzielonych odpowiedzi
Twoja historia wyników
Nie rozwiązałeś tego quizu